Réttarheimildir Quiz Stats

 Plays Quiz not verified by Sporcle

Support Sporcle.
Go Orange.
Score 0/37 Timer 03:00
0 Plays Today
% Correct
Réttarheimildir
93.3%
eru
93.3%
þau
86.7%
viðmið
86.7%
gögn
86.7%
80%
háttsemi
80%
þær
80%
hugmyndir
80%
og
73.3%
hvaðeina
73.3%
annað
73.3%
sem
73.3%
almennt
73.3%
er
73.3%
viðurkennt
73.3%
73.3%
nota
73.3%
skuli
73.3%
% Correct
eða
73.3%
nota
73.3%
megi
73.3%
til
73.3%
rökstuðnings
73.3%
þegar
73.3%
réttarreglu
73.3%
er
73.3%
slegið
73.3%
fastri
73.3%
eða
73.3%
hún
73.3%
mótuð
73.3%
almennt
73.3%
eða
73.3%
ákveðnu
73.3%
tilviki
73.3%
í
64.3%

You're not logged in!

Compare scores with friends on all Sporcle quizzes.
OR
Log In

From the Vault

Book Titles en Français

by kobayashi68

You mean we should have been reading Sporcle in French this whole time?
Remove Ads.
Support Sporcle.
Get the best of Sporcle when you Go Orange. This ad-free experience offers more features, more stats, and more fun while also helping to support Sporcle. Thank you for becoming a member.

Show Comments

Extras

Created Mar 21, 2012ReportNominate
Tags:iceland, icelandic, Law

Top Quizzes Today


Score Distribution

Your Account Isn't Verified!

In order to create a playlist on Sporcle, you need to verify the email address you used during registration. Go to your Sporcle Settings to finish the process.

Report this User

Report this user for behavior that violates our Community Guidelines.

Details: